000 00831nam a2200229Ii 4500
003 JO-AjNU
008 230605s9999||||xx |||||||||||||| ||und||
017 _a2020/3/1253
020 _a978-9957-97-163-2
040 _aJO-AjNU
_bara
_erda
_cJO-AjNU
041 _aara
050 1 4 _aHD69.P75.D835 2021
100 3 _aدودين، احمد يوسف,
_eauthor
_962157
245 0 0 _aالمنهجية المتكاملة في ادارة المشاريع المعاصرة: نظري وكمي
250 _aط1
264 3 1 _aعمان: دار المسيرة للنشر والتوزيع والطباعة، 2021
300 _a292ص
336 _atext
_btxt
_2rdacontent
337 _aunmediated
_bn
_2rdamedia
338 _avolume
_bnc
_2rdacarrier
650 4 _aادارة المشاريع-ادارة الاعمال-الادارة
_962158
999 _aA28133
_c31701
_d31701